| 000 -LEADER | |
|---|---|
| fixed length control field | 00397nam a22001697a 4500 |
| 005 - DATE AND TIME OF LATEST TRANSACTION | |
| control field | 20170330112646.0 |
| 008 - FIXED-LENGTH DATA ELEMENTS--GENERAL INFORMATION | |
| fixed length control field | 170330b xxu||||| |||| 00| 0 eng d |
| 020 ## - INTERNATIONAL STANDARD BOOK NUMBER | |
| ISBN | 978-81-219-0812-2 |
| 041 ## - LANGUAGE CODE | |
| Language code of text/sound track or separate title | eng |
| 100 ## - MAIN ENTRY--AUTHOR NAME | |
| Personal name | PANDEY,DR. O.P |
| 245 ## - TITLE STATEMENT | |
| Title | PRACTICAL CHEMISTRY |
| 250 ## - EDITION STATEMENT | |
| Edition statement | REVISED EDITION |
| 260 ## - PUBLICATION, DISTRIBUTION, ETC. (IMPRINT) | |
| Name of publisher | S CHAND |
| Year of publication | 1972 |
| 300 ## - PHYSICAL DESCRIPTION | |
| Number of Pages | 284 |
| 650 ## - SUBJECT ADDED ENTRY--TOPICAL TERM | |
| Topical Term | ENGINEERING |
| 942 ## - ADDED ENTRY ELEMENTS (KOHA) | |
| Koha item type | Books |
| Lost status | Damaged status | Collection code | Home library | Current library | Shelving location | Date acquired | Source of acquisition | Cost, normal purchase price | Full call number | Accession Number | Koha item type |
|---|---|---|---|---|---|---|---|---|---|---|---|
| Reference | JRU Library | JRU Library | SHELF-7-G | 29/03/2017 | PURCHASE | 250.00 | 540.71 | 21525 | Books | ||
| MINING | JRU Library | JRU Library | SHELF-56-F | 19/09/2024 | PURCHASE | 350.00 | 540.71 | 28603 | Books | ||
| MINING | JRU Library | JRU Library | SHELF-56-F | 19/09/2024 | PURCHASE | 350.00 | 540.71 | 28604 | Books | ||
| MINING | JRU Library | JRU Library | SHELF-56-F | 19/09/2024 | PURCHASE | 350.00 | 540.71 | 28605 | Books |